000
00210 a2200085 4500
020
_a
9780754823131
100
_a
Susie Hodge
245
_a
Cezanne: His Life and Works in 500 Images
260
_b
Lorenz Books
_c
2011
999
_c
13665
_d
13665